000
00426nam a2200121Ia 4500
008
220805s9999 xx 000 0 und d
041
_a
mar
100
_a
कासखेडीकर, नयना
_9
90055
260
_a
Pune
_b
Bhartiya vichar sadhana prakashan
_c
2022
245
_a
स्वातंत्र्यलढ्यातील राष्ट्रीय पत्रकारिता
250
_a
1
300
_a
104
999
_c
49449
_d
49449